Statistics for Biggest City in Each US State by Letter - U

Click here to take the quiz!

General Stats

  • This quiz has been taken 77 times
    (39 since last reset)
  • The average score is 18 of 43

Answer Stats

StatePopulationAnswer% Correct
Michigan5,245Utica
97%
West Virginia427Union
87%
Kentucky7,416Union
87%
South Carolina8,174Union
87%
Connecticut785Union
87%
Maine2,383Union
87%
Mississippi2,042Union
87%
Georgia26,738Union City
81%
Tennessee11,170Union City
81%
New Jersey68,589Union City
81%
Oklahoma1,794Union City
81%
South Dakota70Utica
81%
Nebraska840Utica
81%
New York65,283Utica
81%
Illinois38,336Urbana
58%
Virginia492Urbanna
58%
Indiana3,821Upland
45%
California79,040Upland
45%
North Carolina6,643Unionville
42%
Pennsylvania9,984Uniontown
35%
Iowa45,580Urbandale
32%
Missouri35,065University City
29%
Kansas5,788Ulysses
23%
New Hampshire1,518Unity
23%
Arkansas175Ulm
19%
Oregon7,363Umatilla
19%
Florida3,685Umatilla
19%
North Dakota784Underwood
19%
Washington34,866University Place
19%
Ohio36,800Upper Arlington
19%
Wyoming898Upton
19%
Alaska4,927Utqiagvik
19%
Maryland2,454University Park
16%
Texas25,278University Park
16%
Utah1,454Uintah
13%
Massachusetts14,162Uxbridge
10%
Wisconsin4,806Union Grove
6%
Alabama3,358Union Springs
6%
Minnesota487Upsala
6%
Hawaii393Ualapu'e
3%
Idaho1,160Ucon
3%
Vermont3,129Underhill
3%
Louisiana698Urania
3%

Score Distribution

Percentile by Number Answered

Percent of People with Each Score

Your Score History

You have not taken this quiz since the last reset